Southville International School and Colleges
Your cart is empty.
  • Cart
  • Lists
    Public lists Eva Luna New books Lux_list list_1
    Your lists Log in to create your own lists
  • Log in to your account
  • Your cookies
  • Search history
Southville International School and Colleges
  • Advanced search
  • Recent comments
  • Most popular
  • Libraries

Log in to your account

Log in with GOOGLE


If you do not have an external account, but do have a local account, you can still log in:

  1. Home
  2. MARC view: Sally goes swimming /
Normal view MARC view ISBD view

Sally goes swimming / (Record no. 113746)

[ view plain ]
MARC details
000 -LEADER
fixed length control field 00510nam a2200193 a 4500
001 - CONTROL NUMBER
control field 0391
005 - DATE AND TIME OF LATEST TRANSACTION
control field 20140414132037.0
008 - FIXED-LENGTH DATA ELEMENTS--GENERAL INFORMATION
fixed length control field 040913s19uu xx 00 eng d
020 ## - INTERNATIONAL STANDARD BOOK NUMBER
International Standard Book Number 0-949714-80-1
050 ## - LIBRARY OF CONGRESS CALL NUMBER
Classification number TR
Item number SA3 1999
100 ## - MAIN ENTRY--PERSONAL NAME
Personal name Griffin, Petrina
245 ## - TITLE STATEMENT
Title Sally goes swimming /
Statement of responsibility, etc Petrina Griffin.
260 ## - PUBLICATION, DISTRIBUTION, ETC. (IMPRINT)
Place of publication, distribution, etc Australia :
Name of publisher, distributor, etc Roland Harvey Books,
Date of publication, distribution, etc 1999.
300 ## - PHYSICAL DESCRIPTION
Extent 1 v.p. : ill. ; cm.
440 ## - SERIES STATEMENT/ADDED ENTRY--TITLE
Title Roly Poly books
650 ## - SUBJECT ADDED ENTRY--TOPICAL TERM
Topical term or geographic name as entry element Swimming
General subdivision fiction.
Holdings
Withdrawn status Lost status Damaged status Use restrictions Home library Current library Shelving location Date acquired Source of acquisition Total Checkouts Full call number Barcode Date last seen Price effective from Koha item type
        Munich Library Munich Library Teachers Reference Section 09/13/2004     TR SA3 1999 M5375 04/14/2014 04/14/2014 Books
        Munich Library Munich Library Teachers Reference Section 03/22/2011     TR SA3 1999 M5281 04/14/2014 04/14/2014 Books

Sally goes swimming /

APA

Griffin P., . (1999). Sally goes swimming. Australia: Roland Harvey Books.

Chicago

Griffin Petrina, . 1999. Sally goes swimming. Australia: Roland Harvey Books.

Harvard

Griffin P., . (1999). Sally goes swimming. Australia: Roland Harvey Books.

MLA

Griffin Petrina, . Sally goes swimming. Australia: Roland Harvey Books. 1999.

  • Place hold
  • Print
  • Cite
  • Add to your cart (remove)
  • Save record
    BIBTEX Dublin Core MARCXML MARC (non-Unicode/MARC-8) MARC (Unicode/UTF-8) MARC (Unicode/UTF-8, Standard) MODS (XML) RIS
  • More searches
    Search for this title in:
    Other Libraries (WorldCat) Other Databases (Google Scholar) Online Stores (Bookfinder.com) Open Library (openlibrary.org)

Exporting to Dublin Core...

SOUTHVILLE LIBRARY

Southville International School and Colleges Library

1281 Tropical Ave. Cor. Luxembourg St., BF Homes International, Las Pinas City

Tel. No. 8256374 / 252358 Loc. 117/146

Powered by Koha